Thesaurus pharmaceuticus, Medicamentorum omniu fere facultates & praeparationes ...
| Format: | Book |
|---|---|
| Language: | Latin Slovak |
| Published: |
Basileae
ex officina Frobeniana
1587
|
| ISBN: | (viaz.) |
MARC
| LEADER | 00000nam a22000005a 4500 | ||
|---|---|---|---|
| 001 | vtls009495414 | ||
| 003 | SK-MaSNL | ||
| 005 | 20260224033543.0 | ||
| 008 | 090424s xo 000 0 lat | ||
| 020 | |a (viaz.) | ||
| 040 | |a SNK |b slo |c SNK |e AACR2 | ||
| 041 | 0 | |a slo | |
| 044 | |a xo |c SK | ||
| 245 | 1 | 0 | |a Thesaurus pharmaceuticus, Medicamentorum omniu fere facultates & praeparationes ... |
| 260 | |a Basileae |b ex officina Frobeniana |c 1587 | ||
| 999 | |c 830262 |d 832192 | ||
| 952 | |a SNK |b SNK |y PREZ |7 0 |p 17A0619673 |o snkSD 78161 |i snk2009/7749 |8 3 |g 2000.00 |0 0 |1 0 |4 0 |d 2009-04-24 |l 0 |r 2025-11-26 00:00:00 |w 2026-02-24 | ||


